Cesta k spravodlivému rastu v Slovenskej republike hodnotenie životnej úrovne Svetovou bankou
Salvato in:
| Natura: | Libro |
|---|---|
| Lingua: | slovacco |
| Pubblicazione: |
Washington, D.C.
Svetová banka
2005
|
| Soggetti: | |
| Tags: |
Nessun Tag, puoi essere il primo ad aggiungerne!!
|
MARC
| LEADER | 00000nam$a2200000$$$4500 | ||
|---|---|---|---|
| 001 | 0040176 | ||
| 005 | 20240503084916.0 | ||
| 020 | |a 80-89041-98-1 | ||
| 041 | 0 | |a slo | |
| 044 | |a US | ||
| 245 | 1 | 0 | |a Cesta k spravodlivému rastu v Slovenskej republike |b hodnotenie životnej úrovne Svetovou bankou |
| 264 | 1 | |a Washington, D.C. |b Svetová banka |c 2005 | |
| 300 | |a 94 s. | ||
| 610 | 2 | 0 | |a transformácia |
| 610 | 2 | 0 | |a reformy |
| 610 | 2 | 0 | |a dôsledky sociálne |
| 610 | 2 | 0 | |a chudoba |
| 610 | 2 | 0 | |a redukcia chudoby |
| 610 | 2 | 0 | |a problémy spoločenské |
| 610 | 2 | 0 | |a úroveň životná |
| 610 | 2 | 0 | |a príležitosť pracovná |
| 610 | 2 | 0 | |a trh práce |
| 610 | 2 | 0 | |a nezamestnanosť |
| 610 | 2 | 0 | |a konkurencia |
| 610 | 2 | 0 | |a Slovensko |